Countries with Smaller but More Populous Neighbour - Statistics

General Stats
  • This quiz has been taken 79 times
  • The average score is 59 of 69
Answer Stats
Country % Correct
Canada
98%
United States
98%
China
95%
Russia
95%
Sudan
94%
Bangladesh
92%
Chad
92%
Dominican Republic
92%
Haiti
92%
Myanmar
92%
Egypt
91%
Ethiopia
91%
Guatemala
91%
Honduras
91%
Iran
91%
Mali
91%
Niger
91%
Thailand
91%
Bolivia
89%
Chile
89%
Colombia
89%
Costa Rica
89%
Kazakhstan
89%
Libya
89%
Nicaragua
89%
Nigeria
89%
Peru
89%
Republic of the Congo
89%
Turkmenistan
89%
Uzbekistan
89%
Pakistan
88%
Panama
88%
South Sudan
88%
Cameroon
86%
Kenya
86%
Somalia
86%
Mauritania
85%
Senegal
85%
Uganda
85%
Afghanistan
83%
Central African Republic
83%
France
83%
Germany
83%
North Korea
83%
South Korea
83%
Cote d'Ivoire
82%
Iraq
82%
Oman
82%
Saudi Arabia
82%
UAE
82%
Burkina Faso
80%
Guinea
80%
Rwanda
80%
Tunisia
80%
Ghana
78%
Namibia
78%
Tajikistan
78%
Zambia
78%
Zimbabwe
78%
Botswana
77%
Burundi
77%
Malawi
77%
Austria
75%
Cambodia
75%
Kyrgyzstan
75%
Laos
75%
Czechia
74%
Liberia
68%
Sierra Leone
66%
No matching quizzes found
Score Distribution
Percent of People with Each Score
Percentile by Number Answered
Your Score History
You have not taken this quiz